The extraordinarily sensitive problem of liability in nuisance (Record no. 117627)

MARC details
000 -LEADER
fixed length control field 01695cam a2200265 4500
001 - CONTROL NUMBER
control field ABS67921
008 - FIXED-LENGTH DATA ELEMENTS--GENERAL INFORMATION
fixed length control field 040630n2004 000 0 eng u
035 ## - SYSTEM CONTROL NUMBER
System control number (Sirsi) u126657
100 ## - MAIN ENTRY--PERSONAL NAME
Personal name Franklin, K.
245 #4 - TITLE STATEMENT
Title The extraordinarily sensitive problem of liability in nuisance
260 ## - PUBLICATION, DISTRIBUTION, ETC.
Date of publication, distribution, etc. 2004
490 ## - SERIES STATEMENT
Series statement Architects' Journal
Volume/sequential designation 219(23) 10 June 2004, 44(1)
520 ## - SUMMARY, ETC.
Summary, etc. Discusses the issue of nuisance. In "Network Rail Infrastructure Ltd v CJ Morris" ([2004] EWCA Civ 172, [2004] All ER D (342) Feb) it was decided whether it was foreseeable that magnetic radiation, caused by the installation of a new track circuit as part of a railway signalling system, would cause interference at a recording studio 80 metres away. Also discusses "Robinson v Kilvert" (CA, 41 ChD 88) where paper and twine manufacturer Robinson and Co rented a ground floor from the Kilvert family. When the Kilvert family started to manufacture paper boxes in the basement, the process used damaged the paper stocks above. Both cases conclude that liability in nuisance depends on whether it can be foreseen, which is unlikely if the nuisance concerns an unlikely result. View "Network Rail" at www.bailii.org.
590 ## - LOCAL NOTE (RLIN)
Local note ABS
590 ## - LOCAL NOTE (RLIN)
Local note ABS
650 ## - SUBJECT ADDED ENTRY--TOPICAL TERM
Topical term or geographic name entry element NETWORK RAIL INFRASTRUCTURE LTD V C J MORRIS
650 ## - SUBJECT ADDED ENTRY--TOPICAL TERM
Topical term or geographic name entry element ELECTROMAGNETIC FIELDS
650 ## - SUBJECT ADDED ENTRY--TOPICAL TERM
Topical term or geographic name entry element NUISANCE
650 ## - SUBJECT ADDED ENTRY--TOPICAL TERM
Topical term or geographic name entry element LIABILITY
650 ## - SUBJECT ADDED ENTRY--TOPICAL TERM
Topical term or geographic name entry element ROBINSON V KILVERT
690 ## - LOCAL SUBJECT ADDED ENTRY--TOPICAL TERM (OCLC, RLIN)
Topical term or geographic name as entry element DISPUTE RESOLUTION-CASE LAW
856 ## - ELECTRONIC LOCATION AND ACCESS
Uniform Resource Identifier <a href="https://www.bailii.org/ew/cases/EWCA/Civ/2004/172.htm">https://www.bailii.org/ew/cases/EWCA/Civ/2004/172.htm</a>
Public note View judgment on the BAILII website...
856 ## - ELECTRONIC LOCATION AND ACCESS
Uniform Resource Identifier <a href="https://www.bailii.org/ew/cases/EWCA/Civ/2004/172.htm">https://www.bailii.org/ew/cases/EWCA/Civ/2004/172.htm</a>
Public note View judgment on the BAILII website...
942 ## - ADDED ENTRY ELEMENTS (KOHA)
Suppress in OPAC 0
Holdings
Withdrawn status Lost status Source of classification or shelving scheme Damaged status Not for loan Home library Current library Shelving location Date acquired Total Checkouts Full call number Barcode Date last seen Copy number Price effective from Koha item type
    Dewey Decimal Classification     London London Journal article 30/06/2004   ABS67921 126657-1001 06/08/2019 1 06/08/2019 Journal article